Normal view
MARC view
- Mackenzie, Dana
Entry Personal Name
001 - CONTROL NUMBER
- control field: 37250
003 - CONTROL NUMBER IDENTIFIER
- control field: OSt
005 - DATE AND TIME OF LATEST TRANSACTION
- control field: 20190301142214.0
008 - FIXED-LENGTH DATA ELEMENTS
- fixed length control field: 190301|| aca||aabn | a|a d
040 ## - CATALOGING SOURCE
- Original cataloging agency: OSt
- Transcribing agency: OSt
100 ## - HEADING--PERSONAL NAME
- Personal name: Mackenzie, Dana
- Relator term: Author.
670 ## - SOURCE DATA FOUND
- Source citation: Work cat.: (OSt): Chatwin, Richard E. 37248, How to win at (one-round) war/, cJul 2012-Sept 2015.
